01023 2200337 4500001002100000005001500021035002000036007000300056008004100059020001800100082001400118084001600132100002500148245007700173250003000250300004500280650003300325700003200358504003400390264003600424336002100460337003000481338002300511040002200534850001200556041001300568546005300581440001100634990002000645990002000665INLIS00000000087502320221028113632 a0010-1022000466ta221025s2021 jkia g 0 ind d a979-593-109-104223a495.6 a495.6 SUD g0 aSudjiantoepengarang10aGramatika bahasa Jepang modern /cSudjianto; penyunting, Herman Sudrajat aCetakan ketiga, Juli 2021 aix, 157 halaman :bbagan, tabel ;c20 cm 4aBahasa Jepang--xTata Bahasa0 aHerman Sudrajatepenyunting aBibliografi : halaman 156-15731aJakarta :bKesaint Blanc,c2021 2rdacontentateks 2rdamediaatanpa perantara 2rdacarrieravolume aYOPDYOGbinderda aYOPDYOG0 aindgjpn aTeks terdapat bahasa Indonesia dan bahasa Jepang aSeri A a70138-PD/A.2022 a70139-PD/A.2022